000 00947cab a2200325 4500
001 WB3124-49
008 090401t1995 xxu||||| |||| 00| 0 eng d
035 _a(Sirsi) u9539
041 _aeng
245 _aGranny flats and council tax
260 _c1995
350 _a0
490 _aTimes
_v17 June 1995, 1; 21 June 1995, 22(3)
520 _aThe High Court in five test cases has ruled that granny flats should be banded separately for council tax. Retrospective payment is likely. Law report.
650 _aAGE CONCERN
650 _aBACK-TAXING
650 _aBATTY V BURFOOT
650 _aBATTY V MERRIMAN
650 _aCOUNCIL TAX
650 _aEMPTY PROPERTY
650 _aGILBERT V CHILDS
650 _aGRANNY FLATS
650 _aINLAND REVENUE
650 _aRODD V RITCHINGS
650 _aSELF-CONTAINED ACCOMMODATION
650 _aVALUATION TRIBUNALS
690 _aTAXATION
942 _n0
948 _c04/03/1997
999 _c5976
_d5976